| 000 | 00483cam a22001931 4500 | ||
|---|---|---|---|
| 001 | ne 67000279 | ||
| 003 | DLC | ||
| 005 | 20260227111829.0 | ||
| 008 | 880805s1966 le 000 0 arar | ||
| 010 | _ane 67000279 | ||
| 035 | _a(OCoLC)18317655 | ||
| 040 |
_aDLC _cWaU _dDLC |
||
| 042 | _apremarc | ||
| 050 | 0 | 0 |
_aPJ7832.A846 _bK5 |
| 100 | 1 | _aḤāyik, Mīshāl. | |
| 245 | 1 | 0 | _aKitāb al-ʻubūr wa-al-maʻād. |
| 260 |
_aBayrūt, _bDār al-Mashriq _c[1966] |
||
| 300 | _a124 p. | ||
| 999 |
_c49373 _d49373 |
||